[Event "Criciuma op"]
[Site "Criciuma"]
[Date "2023.01.18"]
[Round "8"]
[White "Leacima, Giovane Santiago"]
[Black "Cardoso, Catharina Alves"]
[Result "1-0"]
[WhiteElo "1884"]
[BlackElo "1214"]
[PlyCount "53"]
[EventDate "2023.01.13"]
[EventType "swiss"]
[EventRounds "9"]
[EventCountry "BRA"]
[SourceTitle "CBM 212 Extra"]
[Source "ChessBase"]
[SourceDate "2023.03.31"]
[SourceVersion "1"]
[SourceVersionDate "2023.03.31"]
[SourceQuality "1"]

1. e4 e5 2. Nf3 Nc6 3. Bc4 Bc5 4. 0-0 Nf6 5. d4 exd4 6. e5 Ng4 7. Bf4 d5 8. exd6 Bxd6 9. Re1+ Be7 10. h3 Nf6 11. Ng5 Be6 12. Bxe6 fxe6 13. Nxe6 Qd7 14. Nxc7+ Kf7 15. Nxa8 Rxa8 16. Nd2 Rf8 17. Nf3 Kg8 18. Ne5 Nxe5 19. Bxe5 Bd6 20. Qxd4 Ne8 21. Rad1 Kh8 22. Bxd6 Nxd6 23. Qxd6 Qf5 24. Qd4 Qxc2 25. Re7 Qg6 26. Rc1 a6 27. Rcc7 1-0

[Event "FIDE World Uni Blitz-A 1st"]
[Site "Tornelo INT"]
[Date "2021.03.13"]
[Round "4.20"]
[White "Chandra, Akshat"]
[Black "Leacima, Giovane Santiago"]
[Result "1-0"]
[WhiteElo "2536"]
[BlackElo "1884"]
[PlyCount "67"]
[EventDate "2021.03.13"]
[EventType "swiss (blitz)"]
[EventRounds "10"]
[EventCountry "NET"]
[SourceTitle "EXT 2022"]
[Source "ChessBase"]
[SourceDate "2021.10.06"]
[SourceVersion "1"]
[SourceVersionDate "2021.10.06"]
[SourceQuality "1"]

1. e4 e5 2. Nf3 Nc6 3. Bb5 a6 4. Ba4 Nf6 5. 0-0 b5 6. Bb3 Be7 7. d3 d6 8. a3 0-0 9. Nc3 Bg4 10. Be3 Qd7 11. h3 Be6 12. Nd5 Bxd5 13. exd5 Na5 14. Ba2 c6 15. b4 Nb7 16. dxc6 Qxc6 17. c4 Rac8 18. Rc1 bxc4 19. Bxc4 Qd7 20. Bxa6 Rc7 21. Rxc7 Qxc7 22. Qb3 Rc8 23. Rc1 Qd7 24. Rxc8+ Qxc8 25. Qc4 Qxc4 26. dxc4 Nd8 27. Bd2 e4 28. Nd4 d5 29. c5 g6 30. Bf4 Nd7 31. c6 Nb6 32. c7 Ne6 33. Nxe6 fxe6 34. Be3 1-0

[Event "FIDE World Uni Blitz-A 1st"]
[Site "Tornelo INT"]
[Date "2021.03.13"]
[Round "1.81"]
[White "Leacima, Giovane Santiago"]
[Black "Papakonstantinou, Dimitrios1111"]
[Result "0-1"]
[WhiteElo "1884"]
[BlackElo "2049"]
[PlyCount "88"]
[EventDate "2021.03.13"]
[EventType "swiss (blitz)"]
[EventRounds "10"]
[EventCountry "NET"]
[SourceTitle "EXT 2022"]
[Source "ChessBase"]
[SourceDate "2021.10.06"]
[SourceVersion "1"]
[SourceVersionDate "2021.10.06"]
[SourceQuality "1"]

1. e4 e5 2. Nf3 Nc6 3. Bc4 Bc5 4. 0-0 Nf6 5. d4 Bxd4 6. Nxd4 Nxd4 7. Bg5 h6 8. f4 hxg5 9. fxe5 Nc6 10. exf6 g6 11. Qd5 Rh7 12. Nd2 d6 13. Qxg5 Ne5 14. Bb3 c6 15. Nf3 Ng4 16. Qd2 Qb6+ 17. Qd4 Qxd4+ 18. Nxd4 Bd7 19. h3 Ne5 20. Rad1 0-0-0 21. Nf3 Nxf3+ 22. Rxf3 Be8 23. Rfd3 Kc7 24. e5 d5 25. c4 Rh5 26. cxd5 Rxe5 27. dxc6 Rxd3 28. Rxd3 bxc6 29. Kf2 Rf5+ 30. Rf3 Rc5 31. g4 Re5 32. Re3 Kd6 33. Rxe5 Kxe5 34. g5 Kf5 35. h4 Kg4 36. Ke3 c5 37. Bc4 Kxh4 38. Kf4 Kh5 39. Be2+ Kh4 40. Bc4 Kh5 41. a3 Kh4 42. Bd5 a5 43. Bf3 Bd7 44. Bd5 Be8 0-1

[Event "BRA-ch U18"]
[Site "Itajai"]
[Date "2017.06.02"]
[Round "2"]
[White "Marques Junior, Marcos Antonio"]
[Black "Leacima, Giovane Santiago"]
[Result "0-1"]
[WhiteElo "1794"]
[BlackElo "1959"]
[PlyCount "66"]
[EventDate "2017.06.01"]
[EventType "swiss"]
[EventRounds "6"]
[EventCountry "BRA"]
[SourceTitle "CBM 179 Extra"]
[Source "ChessBase"]
[SourceDate "2017.08.23"]
[SourceVersion "1"]
[SourceVersionDate "2017.08.23"]
[SourceQuality "1"]

1. c4 Nf6 2. Nc3 g6 3. e4 d6 4. g3 Bg7 5. Bg2 0-0 6. Nge2 Nc6 7. 0-0 a6 8. d3 Rb8 9. Rb1 b5 10. cxb5 axb5 11. b4 e5 12. h3 Be6 13. Be3 d5 14. exd5 Nxd5 15. Bc5 Re8 16. Qd2 Nxc3 17. Nxc3 Nd4 18. Ne2 Bxh3 19. Nxd4 Bxg2 20. Kxg2 exd4 21. Rh1 Qd5+ 22. Kg1 Qf3 23. Rb2 Re6 24. Rh4 Rbe8 25. Rb1 Re2 26. Rf4 Qxg3+ 27. fxg3 Rxd2 28. Bxd4 Rxd3 29. Bxg7 Kxg7 30. g4 Re2 31. Rbf1 Rd7 32. R1f2 Rxf2 33. Rxf2 Rd4 0-1

[Event "BRA-ch U18"]
[Site "Itajai"]
[Date "2017.06.01"]
[Round "1"]
[White "Leacima, Giovane Santiago"]
[Black "De Oliveira, Guilherme Alfredo B"]
[Result "1-0"]
[WhiteElo "1959"]
[BlackElo "1766"]
[PlyCount "81"]
[EventDate "2017.06.01"]
[EventType "swiss"]
[EventRounds "6"]
[EventCountry "BRA"]
[SourceTitle "CBM 179 Extra"]
[Source "ChessBase"]
[SourceDate "2017.08.23"]
[SourceVersion "1"]
[SourceVersionDate "2017.08.23"]
[SourceQuality "1"]

1. e4 c5 2. Nf3 e6 3. d4 cxd4 4. Nxd4 a6 5. Nc3 Bb4 6. Bd3 Qf6 7. Be3 Nc6 8. Nde2 d5 9. exd5 exd5 10. 0-0 Nge7 11. a3 Ba5 12. Nd4 Nxd4 13. Bxd4 Qh6 14. Qe2 Bc7 15. Be5 Bxe5 16. Qxe5 Be6 17. Qc7 b5 18. Qb7 Rc8 19. Qxa6 0-0 20. Nxb5 Qg5 21. Qd6 Rc6 22. Qg3 Qf6 23. Rfb1 h5 24. a4 h4 25. Qe3 Ng6 26. Nd4 Rd6 27. Nf3 Bg4 28. Qg5 Bxf3 29. Qxf6 Rxf6 30. gxf3 Rxf3 31. a5 Ne5 32. a6 Nxd3 33. cxd3 Rxd3 34. b4 Rc3 35. b5 d4 36. a7 Rcc8 37. b6 d3 38. b7 d2 39. bxc8Q Rxc8 40. a8Q Rxa8 41. Rxa8+ 1-0

[Event "Florianopolis op 3rd"]
[Site "Florianopolis"]
[Date "2017.01.25"]
[Round "8"]
[White "Leacima, Giovane Santiago"]
[Black "Broday, Geovani Allan"]
[Result "0-1"]
[WhiteElo "1922"]
[BlackElo "2097"]
[PlyCount "88"]
[EventDate "2017.01.20"]
[EventType "swiss"]
[EventRounds "10"]
[EventCountry "BRA"]
[SourceTitle "CBM 176 Extra"]
[Source "ChessBase"]
[SourceDate "2017.03.02"]
[SourceVersion "1"]
[SourceVersionDate "2017.03.02"]
[SourceQuality "1"]

1. e4 c5 2. Nf3 e6 3. d4 cxd4 4. Nxd4 a6 5. Nc3 Qc7 6. f4 d6 7. Bd3 Nf6 8. Bd2 Be7 9. Qe2 Nbd7 10. 0-0-0 Nc5 11. Kb1 Nxd3 12. cxd3 b5 13. Rc1 Qd7 14. g4 0-0 15. Rhg1 Bb7 16. Rg3 e5 17. Nf5 exf4 18. Bxf4 g6 19. Nxe7+ Qxe7 20. Qf2 Nd7 21. Qd4 Ne5 22. Nd5 Bxd5 23. Qxd5 Rfe8 24. h3 Rac8 25. Rgg1 Qf6 26. Bg3 Qf3 27. Bxe5 Rxc1+ 28. Rxc1 dxe5 29. Qd7 Rf8 30. g5 Qg3 31. Rc8 Qxg5 32. Rxf8+ Kxf8 33. Qd6+ Kg7 34. Qxa6 Qd2 35. Qc6 Qxd3+ 36. Kc1 Qe3+ 37. Kc2 Qxh3 38. Qxb5 Qg2+ 39. Kb3 Qxe4 40. a4 g5 41. a5 g4 42. a6 g3 43. a7 Qe3+ 44. Kc2 g2 0-1

[Event "Florianopolis op 3rd"]
[Site "Florianopolis"]
[Date "2017.01.21"]
[Round "2"]
[White "Leacima, Giovane Santiago"]
[Black "Torres, Douglas da Silva"]
[Result "0-1"]
[WhiteElo "1922"]
[BlackElo "2151"]
[PlyCount "106"]
[EventDate "2017.01.20"]
[EventType "swiss"]
[EventRounds "10"]
[EventCountry "BRA"]
[SourceTitle "CBM 176 Extra"]
[Source "ChessBase"]
[SourceDate "2017.03.02"]
[SourceVersion "1"]
[SourceVersionDate "2017.03.02"]
[SourceQuality "1"]

1. e4 g6 2. d4 Bg7 3. Nc3 d6 4. Nf3 a6 5. Be2 b5 6. a4 b4 7. Na2 Nf6 8. Nxb4 Nxe4 9. 0-0 0-0 10. Re1 Bb7 11. Bf1 a5 12. Na2 Nd7 13. Nc3 Nxc3 14. bxc3 c5 15. Bf4 cxd4 16. cxd4 Bxf3 17. gxf3 e5 18. Be3 Qh4 19. Qd2 exd4 20. Bg5 Qh5 21. Bg2 Ne5 22. f4 Nc4 23. Qd3 Rac8 24. h4 Qg4 25. Kh2 Nb2 26. Qb3 Rb8 27. Qd5 Qc8 28. Be7 Re8 29. h5 Qf5 30. Qxf5 gxf5 31. Bxd6 Rbc8 32. Bh3 Nc4 33. Be7 d3 34. Bxf5 Bxa1 35. Bxc8 d2 36. Rg1+ Kh8 37. Rxa1 Rxe7 38. Bg4 Re1 39. Bd1 Nb2 40. Rb1 Rxd1 41. Rxb2 Rh1+ 42. Kxh1 d1Q+ 43. Kg2 Qxh5 44. Rb5 Qg4+ 45. Kf1 Qxf4 46. Rxa5 Qc1+ 47. Kg2 Qxc2 48. Ra7 Qc6+ 49. Kg1 h5 50. Ra5 f5 51. Kf1 Qc4+ 52. Kg1 Qg4+ 53. Kf1 h4 0-1

[Event "Icara op U2200 1st"]
[Site "Icara"]
[Date "2016.08.07"]
[Round "6"]
[White "De Melo, Tiago Rosa"]
[Black "Leacima, Giovane Santiago"]
[Result "1/2-1/2"]
[WhiteElo "1815"]
[BlackElo "1858"]
[PlyCount "46"]
[EventDate "2016.08.05"]
[EventType "swiss"]
[EventRounds "7"]
[EventCountry "BRA"]
[SourceTitle "CBM 173 Extra"]
[Source "ChessBase"]
[SourceDate "2016.08.29"]
[SourceVersion "1"]
[SourceVersionDate "2016.08.29"]
[SourceQuality "1"]

1. e4 g6 2. d4 Bg7 3. c4 d6 4. Nc3 Nd7 5. Nf3 c5 6. Be3 e6 7. Qd2 a6 8. h4 h5 9. Be2 Ne7 10. Rd1 b6 11. d5 e5 12. Ng5 Nf6 13. f3 Qc7 14. a3 Bd7 15. Rb1 Rb8 16. b4 0-0 17. Qd1 Rfc8 18. b5 axb5 19. Nxb5 Bxb5 20. Rxb5 Ra8 21. Qb3 Ra6 22. Kf2 Rca8 23. Ra1 Nc8 1/2-1/2

[Event "Icara op U2200 1st"]
[Site "Icara"]
[Date "2016.08.07"]
[Round "5"]
[White "Leacima, Giovane Santiago"]
[Black "Da Cruz, Karoliny Taiane"]
[Result "1-0"]
[WhiteElo "1858"]
[BlackElo "1787"]
[PlyCount "59"]
[EventDate "2016.08.05"]
[EventType "swiss"]
[EventRounds "7"]
[EventCountry "BRA"]
[SourceTitle "CBM 173 Extra"]
[Source "ChessBase"]
[SourceDate "2016.08.29"]
[SourceVersion "1"]
[SourceVersionDate "2016.08.29"]
[SourceQuality "1"]

1. e4 e5 2. Nf3 Nc6 3. Bb5 a6 4. Ba4 Nf6 5. 0-0 Be7 6. Re1 b5 7. Bb3 d6 8. c3 0-0 9. h3 Na5 10. Bc2 c5 11. d4 Qc7 12. Nbd2 cxd4 13. cxd4 Bd7 14. Nf1 Rac8 15. Ne3 Nc6 16. a3 a5 17. dxe5 dxe5 18. Nd5 Qd6 19. Nxf6+ Qxf6 20. Qxd7 Rfd8 21. Qf5 Qd6 22. Bb3 Qf6 23. Qxf6 Bxf6 24. Be3 Nd4 25. Bxd4 exd4 26. e5 Be7 27. Rac1 Bc5 28. e6 d3 29. exf7+ Kf8 30. Ng5 1-0

[Event "BRA-ch U18"]
[Site "Itajai"]
[Date "2016.06.11"]
[Round "4"]
[White "Caetano, Ryan Wesley da Cost"]
[Black "Leacima, Giovane Santiago"]
[Result "0-1"]
[WhiteElo "1784"]
[BlackElo "1714"]
[PlyCount "93"]
[EventDate "2016.06.09"]
[EventType "swiss"]
[EventRounds "6"]
[EventCountry "BRA"]
[SourceTitle "CBM 172 Extra"]
[Source "ChessBase"]
[SourceDate "2016.06.21"]
[SourceVersion "1"]
[SourceVersionDate "2016.06.21"]
[SourceQuality "1"]

1. d4 Nf6 2. c4 g6 3. Nc3 Bg7 4. e4 d6 5. Nf3 0-0 6. Be2 e5 7. 0-0 Nc6 8. d5 Ne7 9. Ne1 Ne8 10. Nd3 f5 11. f3 f4 12. c5 g5 13. Bd2 Nf6 14. Rc1 h5 15. Qb3 Rf7 16. Be1 Ng6 17. cxd6 cxd6 18. Nb4 Bf8 19. Bf2 g4 20. Nb5 g3 21. hxg3 fxg3 22. Bxg3 h4 23. Bh2 Nh5 24. Nd3 Ng3 25. Rf2 Bh6 26. f4 Nxf4 27. Nxf4 Bxf4 28. Rc4 Qb6 29. Qf3 Nxe2+ 30. Qxe2 Bxh2+ 31. Kxh2 Qxf2 32. Rxc8+ Rxc8 33. Qg4+ Rg7 34. Qxc8+ Kh7 35. Qf5+ Qxf5 36. exf5 Rd7 37. Kh3 a6 38. Nc3 Rf7 39. Ne4 Rxf5 40. Nxd6 Rf4 41. Nxb7 e4 42. Nc5 e3 43. Nd3 Rd4 44. Nc1 Rd1 45. Ne2 Rd2 46. Ng1 e2 47. Nf3 0-1

[Event "Florianopolis op 2nd"]
[Site "Florianopolis"]
[Date "2016.01.18"]
[Round "4"]
[White "Cardoso, Marcio de Lucca"]
[Black "Leacima, Giovane Santiago"]
[Result "1/2-1/2"]
[WhiteElo "1853"]
[BlackElo "1608"]
[PlyCount "93"]
[EventDate "2016.01.16"]
[EventType "swiss"]
[EventRounds "10"]
[EventCountry "BRA"]
[SourceTitle "CBM 170 Extra"]
[Source "ChessBase"]
[SourceDate "2016.02.25"]
[SourceVersion "1"]
[SourceVersionDate "2016.02.25"]
[SourceQuality "1"]

1. e4 e5 2. Nf3 Nc6 3. Bb5 a6 4. Ba4 Nf6 5. 0-0 Be7 6. Re1 b5 7. Bb3 d6 8. c3 0-0 9. h3 Na5 10. Bc2 c5 11. d4 Nd7 12. Nbd2 exd4 13. cxd4 Nc6 14. Nf1 cxd4 15. Nxd4 Nxd4 16. Qxd4 Ne5 17. Kh1 Bf6 18. Qd1 Bh4 19. Be3 Nc4 20. Bd4 Be6 21. b3 Ne5 22. Rc1 Rc8 23. Qh5 Qf6 24. g3 Qf3+ 25. Qxf3 Nxf3 26. Red1 Nxd4 27. Rxd4 Bf6 28. Rd2 Bc3 29. Re2 Bxh3 30. Ne3 Be6 31. Rd1 Rfd8 32. Kg2 Bb4 33. Bb1 Kf8 34. f4 Bc5 35. f5 Bxe3 36. fxe6 Bc5 37. exf7 Kxf7 38. Red2 Re8 39. Rd5 g6 40. Rh1 Kg7 41. Rc1 Kf7 42. Rh1 Kg7 43. Re1 Kf7 44. Rh1 Kg7 45. Rhd1 Rc7 46. Rf1 Rf7 47. Rfd1 1/2-1/2

[Event "BRA-ch U20"]
[Site "Blumenau"]
[Date "2014.12.12"]
[Round "2"]
[White "De Lima, Tulio Bruno"]
[Black "Leacima, Giovane Santiago"]
[Result "1/2-1/2"]
[WhiteElo "1785"]
[BlackElo "1790"]
[PlyCount "69"]
[EventDate "2014.12.11"]
[EventType "swiss"]
[EventRounds "7"]
[EventCountry "BRA"]
[SourceTitle "EXT 2016"]
[Source "ChessBase"]
[SourceDate "2015.10.08"]
[SourceVersion "1"]
[SourceVersionDate "2015.10.08"]
[SourceQuality "1"]

1. d4 Nf6 2. c4 g6 3. Nc3 Bg7 4. Bg5 h6 5. Bf4 0-0 6. Nf3 d6 7. h4 Nfd7 8. Qd2 Kh7 9. Rd1 Nc6 10. e4 e5 11. Be3 f5 12. exf5 gxf5 13. dxe5 Ndxe5 14. Be2 Nxf3+ 15. Bxf3 Ne5 16. c5 Nxf3+ 17. gxf3 Re8 18. cxd6 cxd6 19. f4 Be6 20. Qxd6 Qxd6 21. Rxd6 Rad8 22. Rxd8 Rxd8 23. Bxa7 Ra8 24. Be3 Bxc3+ 25. bxc3 Rxa2 26. Bc1 Bc4 27. Rh2 Bd3 28. Be3 Be4 29. c4 Bf3 30. Rh3 Be4 31. c5 Ra8 32. Rg3 Rg8 33. Kd2 Rxg3 34. fxg3 Kg6 35. Kc3 1/2-1/2